Les titres de la Constitution de la Ve République - Statistiques

Statistiques générales
  • Ce quiz a été pris 67 fois
  • Le résultat moyen est 11 sur 18
Statistiques - réponses
Numéro Articles Intitulé % Correct
III. 20 à 23 Le Gouvernement
98%
IV. 24 à 33 Le Parlement
98%
II. 5 à 19 Le Président de la République
98%
VII. 56 à 63 Le Conseil constitutionnel
83%
XVI. 89 De la révision
78%
XII. 72 à 75-1 Des collectivités territoriales
65%
IX. 67 et 68 La Haute Cour
63%
XV. 88-1 à 88-7 De l'Union européenne
60%
I. 2 à 4 De la Souveraineté
58%
VIII. 64 à 66-1 De l'autorité judiciaire
58%
1 Préambule
58%
XIII. 76 et 77 Dispositions transitoires relatives à la Nouvelle-Calédonie
55%
XI bis. 71-1 Le Défenseur des droits
55%
V. 34 à 51-2 Des rapports entre le Gouvernement et le Parlement
50%
XI. 69 à 71 Le Conseil économique, social et environnemental
50%
XIV. 87 et 88 De la francophonie et des accords d'associations
38%
VI. 52 à 55 Des traités et accords internationaux
35%
X. 68-1 à 68-3 De la responsabilité pénale des membres du gouvernement
28%
Aucun quiz correspondant
Distribution des résultats
% des personnes avec chaque résultat
Percentile par nombre de réponses
Votre historique - résultats
Vous n’avez pas pris ce quiz